00913 a2200217 4500010001400000020001100014035001300025037001800038082001100056090001500067100002500082245011700107260005000224270014700274300003100421500004000452650002700492942002600519999001500545952013500560 aENG-85612 c400.00 aEN-69145 bD.B.Act / Pub14a362.82 c3244d32441 aSivakumar, Damodaran1 aDirectory of scientific social work and developmental family welfare in India (DSSWDFWI)cby Damodaran Sivakumar aThiruvananthapurambDamodaran Sivakumarc2005 aResearch Guide in Social Work, University of KeralaLoyola College of Social Sciences, Sreekariyam P. O. ,bThiruvananthapuramcKerala.e695017 axvii, 214 p.c22 cm. (Pbk) aIncludes bibliographical references aSocial workxDirectory adplcENk362.82 / SIV c3182d3182 00102ddc40718NFICaDBADbDBADeDBAD/PUBg400.00l0o362.82 SIVpEN-69145r2008-09-15 00:00:00t1u3385v400.00w2008-09-15yEN